Lịch sử văn hóa Việt Nam Sinh hoạt trí thức kỷ nguyên 1427-1802

Saved in:
Bibliographic Details
Main Author: Đàm Văn Chí
Format: Book
Language:Vietnamese
Published: Tp. Hồ Chí Minh Nxb. Trẻ 1992
Subjects:
Tags: Add Tag
No Tags, Be the first to tag this record!
Institutions: Mạng thư viện Đại học Đà Nẵng
LEADER 01028nam a2200313 4500
001 000006829
003 2989
005 20120517080512.0
008 110922s1992 viesd
020 |c 20000đ 
041 0 |a vie 
082 |a 306.09597  |b ĐA-C 
100 0 |a Đàm Văn Chí 
245 0 |a Lịch sử văn hóa Việt Nam  |b Sinh hoạt trí thức kỷ nguyên 1427-1802  |c Đàm Văn Chí 
260 |a Tp. Hồ Chí Minh  |b Nxb. Trẻ  |c 1992 
300 |a 493tr.  |c 19 cm 
653 |a Lịch sử 
653 |a Việt Nam 
910 |a Minh  |d 22/9/2011 
OWN |a LSP 
AVA |a UDN50  |b LSP  |d 306.09597 ĐA-C  |e available  |t Error 5001 Not defined in file expand_doc_bib_avail.  |f 3  |g 1  |h N  |i 0  |k 1 
999 |a From the UDN01 
AVA |a UDN50  |b LSP  |d 306.09597 ĐA-C  |e available  |t Error 5001 Not defined in file expand_doc_bib_avail.  |f 3  |g 1  |h N  |i 0  |k 1 
TYP |a Monograph 
TYP |a Printed language 
980 |a Mạng thư viện Đại học Đà Nẵng